Normal view
MARC view
- HIRA ARSHAD
Entry Personal Name
001 - CONTROL NUMBER
- control field: 70408
003 - CONTROL NUMBER IDENTIFIER
- control field: NUST
005 - DATE AND TIME OF LATEST TRANSACTION
- control field: 20210628204444.0
008 - FIXED-LENGTH DATA ELEMENTS
- fixed length control field: 210628|| aca||aabn | a|a d
040 ## - CATALOGING SOURCE
- Original cataloging agency: NUST
- Transcribing agency: NUST
100 ## - HEADING--PERSONAL NAME
- Personal name: HIRA ARSHAD
670 ## - SOURCE DATA FOUND
- Source citation: Work cat.: (NUST): HIRA ARSHAD, TH-SOF-1180-MEMS Based Braille System, 2015
